Statistics for Top 20 Most Common Last Names in Taiwan and China

Click here to take the quiz!

General Stats

  • This quiz has been taken 850 times
  • The average score is 21 of 40

Answer Stats

RankLast Name (China)% Correct
5Li
95%
2Li
95%
1Wang
88%
1Chen
87%
5Chen
87%
6Wang
82%
3Zhang
81%
4Chang
80%
9Wu
75%
15Hu
69%
7Huang
69%
19Lin
68%
2Lin
68%
7Wu
65%
4Liu
59%
8Liu
58%
12Cheng
54%
6Yang
53%
17He
52%
10Yang
52%
13Ma
51%
14Zhu
49%
3Huang
48%
10Zhou
47%
20Hsu
45%
11Hsu
45%
11Xu
40%
9Tsai
38%
8Zhao
38%
18Gao
32%
12Sun
30%
15Kuo
26%
14Hung
24%
16Guo
22%
13Hsieh
22%
20Luo
20%
19Lai
18%
18Liao
17%
16Chiu
14%
17Tseng
14%

Score Distribution

Percentile by Number Answered

Percent of People with Each Score

Your Score History

You have not taken this quiz